| 000 | 01479nam a2200397 i 4500 | ||
|---|---|---|---|
| 999 |
_c200454190 _d72402 |
||
| 001 | 51957 | ||
| 003 | TR-AnTOB | ||
| 005 | 20260102083749.0 | ||
| 007 | ta | ||
| 008 | 080527s2003 tu 00000 tur | ||
| 020 |
_a9753223110 _q(paperback) |
||
| 020 |
_a9789753223119 _q(paperback) |
||
| 035 | _a(OCoLC) | ||
| 040 |
_aSULEY _btur _erda _cSULEY _dTR-AnTOB |
||
| 041 | 1 |
_atur _heng |
|
| 050 | 0 | 4 |
_aBF637.S4 _bH4419 2003 |
| 100 | 1 |
_aHelge, Doris _9143259 _eauthor |
|
| 240 | 1 | 0 |
_aTransforming pain into power. _lTürkçe. |
| 245 | 1 | 0 |
_aAcıyı güce dönüştürmek : _bDuygularınızdan en iyi şekilde yararlanmanızın yolları / _cDoris Helge ; İngilizceden çeviren, Gürol Koca. |
| 250 | _aBirinci basım : Kasım 2003 | ||
| 264 | 1 |
_aİstanbul : _bSistem Yayıncılık, _c2003. |
|
| 300 |
_axii, 344 pages : _billustrations ; _c20 cm |
||
| 336 |
_atext _btxt _2rdacontent |
||
| 337 |
_aunmediated _bn _2rdamedia |
||
| 338 |
_avolume _bnc _2rdacarrier |
||
| 490 | 1 |
_aSistem Yayıncılık ; _v411. _aKişisel Gelişim dizisi. |
|
| 650 | 0 |
_aEmotions _xTherapeutic use _9220702 |
|
| 650 | 0 |
_aSelf-actualization (Psychology) _96520 |
|
| 650 | 0 |
_aAttitude (Psychology) _942055 |
|
| 650 | 0 |
_aChoice (Psychology) _999620 |
|
| 700 | 1 |
_aKoca, Gürol _d1964- _etranslator _96920 |
|
| 830 | 0 |
_aSistem Yayıncılık (Yayınları) ; _v411. _927273 |
|
| 830 | 0 |
_aSistem Yayıncılık (Yayınları) _pKişisel gelişim dizisi. _950851 |
|
| 942 |
_2lcc _cBK |
||